LEADER 01528nam 2200313Ia 450 001 996395960403316 005 20221107215337.0 035 $a(CKB)4330000000333143 035 $a(EEBO)2248502426 035 $a(OCoLC)08697916 035 $a(EXLCZ)994330000000333143 100 $a19820818d1696 uy | 101 0 $aeng 135 $aurbn||||a|bb| 200 02$aA Scriptural catechism, or, The whole duty of man laid down in express words of Scripture$b[electronic resource] $echiefly intended for the benefit of the younger sort : divided into two parts, the first containing the chief principles of our Christian belief, the second instructing us in our duty to God and man, according to the method observed in the excellent book intituled, The whole duty of man : to which is added some private devotions in express words of Scripture : with devout collects for several occasions /$frecommended by Edward Lord Bishop of Gloncester [sic] 210 $aLondon $cPrinted for Richard Cumberland$d1696 215 $a69 p 300 $aAttributed to R.E.--Wing. 300 $a"This scriptural catechism of an unkonwn autor ..."--p. [ii] 300 $aReproduction of original in the Union Theological Seminary Library, New York. 330 $aeebo-0160 701 $aR. E$01004668 801 0$bUMI 801 1$bUMI 801 2$bWaOLN 906 $aBOOK 912 $a996395960403316 996 $aA Scriptural catechism, or, The whole duty of man laid down in express words of Scripture$92317563 997 $aUNISA